Normal view
MARC view
- PROJECT SUPERVISORS DR. AIMAL KHAN DR.RIZWAN MASOOD Tags: 220PRO
Entry Corporate Name
001 - CONTROL NUMBER
- control field: 97818
003 - CONTROL NUMBER IDENTIFIER
- control field: NUST
005 - DATE AND TIME OF LATEST TRANSACTION
- control field: 20220817134453.0
008 - FIXED-LENGTH DATA ELEMENTS
- fixed length control field: 220817|| aca||aabn | a|a d
040 ## - CATALOGING SOURCE
- Original cataloging agency: NUST
- Transcribing agency: NUST
110 ## - HEADING--CORPORATE NAME
- Corporate name or jurisdiction name as entry element: PROJECT SUPERVISORS DR. AIMAL KHAN DR.RIZWAN MASOOD Tags: 220PRO
670 ## - SOURCE DATA FOUND
- Source citation: Work cat.: (NUST)591172: MOHAMMAD AWAIS MUHAMMAD ANEES KHAN RAJAB ALI 97795, PR-SOF-2119-Intelligent Glove, 2022.
